Statistics for Countries without political parties

Click here to take the quiz!

General Stats

  • This quiz has been taken 158 times
  • The average score is 7 of 11

Answer Stats

Cause of the absence of partiesCountry% Correct
Very special "country"Vatican City
88%
Political parties bannedSaudi Arabia
73%
Political parties bannedQatar
72%
Political parties bannedOman
71%
Political parties bannedBahrain
66%
Political parties bannedUnited Arab Emirates
63%
No legislation on political partiesKuwait
60%
Non-partisan democracy due to small populationTuvalu
52%
Non-partisan democracy due to small populationPalau
50%
Non-partisan democracy due to small populationFederated States of Micronesia
35%
Political parties bannedPakistan
33%

Score Distribution

Percentile by Number Answered

Percent of People with Each Score

Your Score History

You have not taken this quiz